000 00781nam a2200265Ia 4500
005 20260121165623.0
008 008 260114s9999 xx 000 0 eng d
020 _a9783662534168
037 _aEBOOK
040 _aCRL
040 _beng
040 _cCRL
041 _2eng
041 _aeng
084 _qCRL
100 _aAbdelkader Hameurlain, Josef Küng, Roland Wagner, Amin Anjomshoaa, Patrick C. K. Hung, Dominik Kalisch, Stanislav Sobolevsky
_91053990
245 0 _aTransactions on Large-Scale Data- and Knowledge-Centered Systems XXVII
260 _bSpringer
260 _bSpringer
260 _c2016
856 _uhttps://link.springer.com/openurl?genre=book&isbn=978-3-662-53416-8
942 _cEBOOK
999 _c1619716
_d1619716